000 00637nam a2200193Ia 4500
008 151121s9999||||xx |||||||||||||| ||und||
082 _a814/गोडबो
082 _bHNW-51875
100 _aगोडबोले मंगला
245 _aकुंपण आणि आकाश
260 _b"राजहंस प्रकाशन, पुणे।"
260 _c--
300 _a112
600 _aगोडबोले मंगला
630 _aकुंपण आणि आकाश
700 _aगोडबोले मंगला
730 _aकुंपण आणि आकाश
942 _cBOOK
999 _c1236130
_d1236127